Project management : (Record no. 346032)
[ view plain ]
| 000 -LEADER | |
|---|---|
| fixed length control field | 02009 a2200217 4500 |
| 020 ## - INTERNATIONAL STANDARD BOOK NUMBER | |
| International Standard Book Number | 0072493925 |
| 020 ## - INTERNATIONAL STANDARD BOOK NUMBER | |
| International Standard Book Number | 9780072493924 |
| 082 04 - DEWEY DECIMAL CLASSIFICATION NUMBER | |
| Classification number | 658.404 |
| 090 ## - LOCALLY ASSIGNED LC-TYPE CALL NUMBER (OCLC); LOCAL CALL NUMBER (RLIN) | |
| -- | 3559 |
| -- | 3559 |
| 100 1# - MAIN ENTRY--PERSONAL NAME | |
| Personal name | Gray, Clifford F. |
| 245 10 - TITLE STATEMENT | |
| Title | Project management : |
| Remainder of title | the managerial process / |
| Statement of responsibility, etc. | Clifford F. Gray. |
| 250 ## - EDITION STATEMENT | |
| Edition statement | 2nd ed. |
| 260 ## - PUBLICATION, DISTRIBUTION, ETC. | |
| Place of publication, distribution, etc. | [S.l.] : |
| Name of publisher, distributor, etc. | Irwin/McGraw-Hill, |
| Date of publication, distribution, etc. | 2002. |
| 300 ## - PHYSICAL DESCRIPTION | |
| Extent | 1 p. ; |
| Dimensions | 26 cm. |
| 500 ## - GENERAL NOTE | |
| General note | Hardcover. |
| 520 ## - SUMMARY, ETC. | |
| Summary, etc. | Project Management strikes a balance between the technical and human aspects of managing projects. It is suitable for a course in project management and for professionals who seek a project management handbook. This text addresses the major questions and issues the authors have encountered while teaching and consulting with practicing project managers in domestic and foreign countries. The text is very contemporary and up-to-date. This application-oriented text provides a road map for managing any type of project--for example, information technology, R & D, engineering design, construction, pharmaceutical, and manufacturing. The text helps the reader discover the strategic role of projects in contemporary organizations, how projects are prioritized, what tools and techniques can be used to plan and schedule projects, what organization and managerial styles will improve chances of project success, how project managers orchestrate the complex network of relationships, factors that contribute to the development of a high performing project team, the project system which will help gain some measure of control, how project managers prepare for a new international project in a foreign culture, and finally how senior management can develop a supportive organizational culture for implementing projects. |
| 700 1# - ADDED ENTRY--PERSONAL NAME | |
| Personal name | Larson, Erik W. |
| 856 40 - ELECTRONIC LOCATION AND ACCESS | |
| Materials specified | Amazon.com |
| Uniform Resource Identifier | <a href="http://www.amazon.com/exec/obidos/ASIN/0072493925/chopaconline-20">http://www.amazon.com/exec/obidos/ASIN/0072493925/chopaconline-20</a> |
| 856 40 - ELECTRONIC LOCATION AND ACCESS | |
| Materials specified | Amazon customer reviews |
| Uniform Resource Identifier | <a href="http://www.chopac.org/cgi-bin/tools/azrev.pl?q=0072493925">http://www.chopac.org/cgi-bin/tools/azrev.pl?q=0072493925</a> |
| 942 ## - ADDED ENTRY ELEMENTS (KOHA) | |
| Institution code [OBSOLETE] | NBS |
| Koha item type | Book |
| Call number prefix | 658.404 GRA |
| Withdrawn status | Lost status | Damaged status | Not for loan | Permanent Location | Current Location | Date acquired | Total Checkouts | Full call number | Barcode | Date last seen | Date last checked out | Price effective from | Koha item type |
|---|---|---|---|---|---|---|---|---|---|---|---|---|---|
| Central Library (CL) | Central Library (CL) | 08/28/2013 | 2 | 658.404 GRA | NBS5940 | 06/01/2016 | 02/09/2016 | 08/28/2013 | Book |
